Comparative Analysis of Semantic and Morphosyntactic Peculiarities of the Demonstratives in the Eastern Khanty and the Southern-Central Selkup Languages; Mediterranean Journal of Social Sciences; Vol. 6, № 2 S1

Detalhes bibliográficos
Parent link:Mediterranean Journal of Social Sciences.— , 2010-
Vol. 6, № 2 S1.— 2015.— [P. 527-532]
Autor principal: Vorobyeva V. V. Viktoriya Vladimirovna
Autor Corporativo: Национальный исследовательский Томский политехнический университет
Resumo:Title screen
This research deals with semantic and morphosyntactic peculiarities of the demonstratives in two indigenous languages of Western Siberia: Khanty and Selkup. Comparative analysis of demonstratives is mainly based on the dialects of the Eastern Khanty and the Southern-Central Selkup languages. These dialects of Khanty and Selkup languages are less described and highly endangered. The speakers of the Eastern Khanty and Southern-Central Selkup, due to their mixed residence in area of the middle Ob river and some of its tributaries in Tomsk region, are supposed to have been being in the extended ‘cultural and linguistic contact’. The aim of our paper is to research similarities and differences in the deictic systems of the demonstratives in the described languages.
Idioma:inglês
Publicado em: 2015
Assuntos:
Acesso em linha:http://dx.doi.org/10.5901/mjss.2015.v6n2s1p527
Formato: Recurso Electrónico Capítulo de Livro
KOHA link:https://koha.lib.tpu.ru/cgi-bin/koha/opac-detail.pl?biblionumber=644586

MARC

LEADER 00000nla0a2200000 4500
001 644586
005 20250522165000.0
035 |a (RuTPU)RU\TPU\network\9669 
090 |a 644586 
100 |a 20151123d2015 k||y0rusy50 ba 
101 0 |a eng 
102 |a IT 
135 |a drcn ---uucaa 
181 0 |a i  
182 0 |a b 
200 1 |a Comparative Analysis of Semantic and Morphosyntactic Peculiarities of the Demonstratives in the Eastern Khanty and the Southern-Central Selkup Languages  |f V. V. Vorobyeva 
203 |a Text  |c electronic 
300 |a Title screen 
320 |a [References: p. 532 (31 tit.)] 
330 |a This research deals with semantic and morphosyntactic peculiarities of the demonstratives in two indigenous languages of Western Siberia: Khanty and Selkup. Comparative analysis of demonstratives is mainly based on the dialects of the Eastern Khanty and the Southern-Central Selkup languages. These dialects of Khanty and Selkup languages are less described and highly endangered. The speakers of the Eastern Khanty and Southern-Central Selkup, due to their mixed residence in area of the middle Ob river and some of its tributaries in Tomsk region, are supposed to have been being in the extended ‘cultural and linguistic contact’. The aim of our paper is to research similarities and differences in the deictic systems of the demonstratives in the described languages. 
461 |t Mediterranean Journal of Social Sciences  |d 2010- 
463 |t Vol. 6, № 2 S1  |v [P. 527-532]  |d 2015 
610 1 |a электронный ресурс 
610 1 |a труды учёных ТПУ 
610 1 |a диалекты 
610 1 |a селькупский язык 
610 1 |a местоимения 
700 1 |a Vorobyeva  |b V. V.  |c linguist  |c Associate Professor of Tomsk Polytechnic University, Candidate of philological sciences  |f 1976-  |g Viktoriya Vladimirovna  |3 (RuTPU)RU\TPU\pers\34150  |9 17690 
712 0 2 |a Национальный исследовательский Томский политехнический университет  |c (2009- )  |9 26305 
801 2 |a RU  |b 63413507  |c 20151123  |g RCR 
850 |a 63413507 
856 4 |u http://dx.doi.org/10.5901/mjss.2015.v6n2s1p527 
942 |c CF